Dry air dryers for plastic resin.

Uloženo v:
Podrobná bibliografie
Korporativní autor: WITTMANN Kunststoffgeräte GmbH (Wien) (Autor)
Médium: Kniha
Jazyk:angličtina
Vydáno: [S.l.] : [s.n.], [2010]
Vydání:[1st ed.]
Témata:
On-line přístup: Získat plný text
Tagy: Přidat tag
Žádné tagy, Buďte první, kdo vytvoří štítek k tomuto záznamu!

MARC

LEADER 00000nam a2200000 4500
003 SK-BrCVT
005 20220621163230.0
008 100701s2010 au e ||||||eng d
035 |a CVTIDW0001383 
040 |b slo  |a CVTI SR  |e AACR2 
041 0 |a eng 
044 |a au 
080 |a 66.047.41  |2 UDC-MRF 
110 2 |a WITTMANN Kunststoffgeräte GmbH (Wien)  |4 aut 
245 1 0 |a Dry air dryers for plastic resin. 
250 |a [1st ed.] 
260 |a [S.l.] :  |b [s.n.],  |c [2010] 
300 |a 15 s. :  |b fotogr., obr., tab. ; 
653 1 |a sušič vzduchu 
653 1 |a vysušovanie vzduchu 
856 4 |u http://www.wittmann-robot.com 
910 |b F030203 
959 |a 6101 
974 |a agnesa.remenarova  |f Firemná literatúra 
992 |a FFP 
999 |c 155466  |d 155466